Mastering Finance. 9 Zvláštna príloha

Hodnotenie nákladov obchodovanie s cennými papiermi. New Yorská akciová burza a systém NASDAQ - automatické kótovanie Nadnárodnej asociácie maklérov s cennými papiermi. Riziko a kontrola rizika. Druhy finančných rizík. Deriváty ako spôsob znižovania rizík. Porovnanie zákonníkov o nesolventnosti plat...

Descrizione completa

Salvato in:
Dettagli Bibliografici
Natura: Capitolo di libro
Lingua:slovacco
Soggetti:
Tags: Aggiungi Tag
Nessun Tag, puoi essere il primo ad aggiungerne!!

MARC

LEADER 00000naa a2200000 4500
001 r028038
005 20251104124516.5
041 0 |a slo 
044 |a SK 
245 1 0 |a Mastering Finance. 9  |b Zvláštna príloha 
520 |a Hodnotenie nákladov obchodovanie s cennými papiermi. New Yorská akciová burza a systém NASDAQ - automatické kótovanie Nadnárodnej asociácie maklérov s cennými papiermi. Riziko a kontrola rizika. Druhy finančných rizík. Deriváty ako spôsob znižovania rizík. Porovnanie zákonníkov o nesolventnosti platiacich v USA, V. Británii a Nemecku. 
610 2 0 |a trh finančný 
610 2 0 |a trh kapitálový 
610 2 0 |a USA 
610 2 0 |a Veľká Británia 
610 2 0 |a Nemecko 
610 2 0 |a NASDAQ 
610 2 0 |a NYSB 
610 2 0 |a riziko 
610 2 0 |a insolventnosť